Résistance des matériaux

保存先:
書誌詳細
第一著者: Jean Goulet
フォーマット: 図書
言語:Undetermined
出版事項: Paris Dunod 1998
主題:
タグ: タグ追加
タグなし, このレコードへの初めてのタグを付けませんか!
Thư viện lưu trữ: Trung tâm Học liệu Trường Đại học Cần Thơ
LEADER 00455nam a2200169Ia 4500
001 CTU_56404
008 210402s9999 xx 000 0 und d
082 |a 620.112 
082 |b G694 
100 |a Jean Goulet 
245 0 |a Résistance des matériaux 
245 0 |c Jean Goulet et Jean-Pierre Boutin 
260 |a Paris 
260 |b Dunod 
260 |c 1998 
650 |a strength of materials 
980 |a Trung tâm Học liệu Trường Đại học Cần Thơ